|
|
|
|
| LEADER |
00000nam a2200000Ii 4500 |
| 001 |
DIGLKG0397 |
| 003 |
NyNyDIG |
| 006 |
m o d |
| 007 |
cr ||||||||||| |
| 008 |
230316s2007 sp o 000 0 spa d |
| 035 |
|
|
|a (OCoLC)760054572
|
| 040 |
|
|
|a DGITA
|b eng
|e rda
|e pn
|c DGITA
|
| 020 |
|
|
|a 9788411269698
|q ebook
|
| 020 |
|
|
|z 9788411261364
|q tapa dura
|
| 020 |
|
|
|z 9788498167368
|
| 050 |
1 |
4 |
|a D840 ebook
|
| 245 |
0 |
0 |
|a Postcapital :
|b (crítica del futuro) /
|c presentación, Iván de la Nuez.
|
| 264 |
|
1 |
|a Barcelona :
|b Institut de Cultura del Ajuntament de Barcelona :
|b Linkgua ediciones S.L.,
|c 2007.
|
| 300 |
|
|
|a 1 online resource.
|
| 336 |
|
|
|a text
|b txt
|2 rdacontent
|
| 337 |
|
|
|a computer
|b c
|2 rdamedia
|
| 338 |
|
|
|a online resource
|b cr
|2 rdacarrier
|
| 347 |
|
|
|a text file
|2 rdaft
|
| 347 |
|
|
|b EPUB
|
| 500 |
|
|
|a "www.linkgua.com"--Cover.
|
| 500 |
|
|
|a "Institut de cultura: la virreina exposicions Iván de la Nuez"
|
| 500 |
|
|
|a "Esta publicación forma parte de la exposición «Postcapital. Política, ciutat, diners» Del 12 de abril al 24 de septiembre del 2006. Espai 2 del Palau de la Virreina, Barcelona".
|
| 588 |
0 |
|
|a Online resource; title from ePub title page (Digitalia, viewed March 16, 2023)
|
| 650 |
|
0 |
|a History, Modern.
|
| 650 |
|
0 |
|a Post-communism.
|
| 650 |
|
0 |
|a Technological innovations.
|
| 650 |
|
0 |
|a International economic relations.
|
| 650 |
|
0 |
|a Urban anthropology.
|
| 650 |
|
0 |
|a Postcolonialism.
|
| 700 |
1 |
|
|a Nuez, Iván de la,
|e contributor agent of text.
|
| 791 |
2 |
|
|a Digitalia (Firm),
|e distributor.
|
| 793 |
0 |
|
|g Digitalia eBook Collection:
|a Linkgua
|
| 776 |
0 |
8 |
|i Print version:
|t Postcapital.
|d Barcelona : Institut de Cultura del Ajuntament de Barcelona : Linkgua ediciones S.L., 2007
|z 9788411261364
|
| 856 |
4 |
0 |
|3 Digitalia Hispánica
|u https://www.digitaliapublishing.com/a/124840/
|
| 910 |
|
|
|a Premium collection: 2023
|